000 005430000a22001810004500
020 _a84-7509-953-X
041 0 _aSPA
082 0 4 _aG 291.13 C85513m
100 1 _aCouliano, Ioan P.
245 1 0 _aMás allá de este mundo : Paraísos, purgatorios e infiernos: Un viaje a través delas culturas religiosas / Ioan P. Couliano
260 _aBarcelona, España : Paidós
300 _a259 Pag
001 8979
942 _cBK
999 _c39071
_d39071
336 _atexto
_btxt
_2rdacontent
337 _2rdamedia
_asin mediación
_bn
338 _2rdacarrier
_avolumen
_bnc